Responses for Show #7994 - Thursday, May 16, 2019

2019 Teachers Tournament final game 1.

Contestants

[<< previous game]

Sara DelVillano, a middle school instrumental music teacher from Lanham, Maryland

Francois Barcomb, an 11th grade physics teacher from New Paltz, New York

Conor Quinn, a high school world history teacher from Albany, New York

[next game >>]

Jeopardy! Round responses

THE ACCESSORIZED TEACHER
CROSSWORD CLUES "L"
DANCING BACK TO DISCO
PLANTS & FLOWERS
TEXT
BOOKS
    $200 5
a watch

Conor
    $200 9
a liaison

Conor
    $200 19
at the YMCA

Conor
    $200 28
poison ivy

Sara
    $200 11
merry Christmas

Conor
    $200 18
a table of contents

Francois
    $400 1
a tie clip

Sara
    $400 7
a latke

Conor
    $400 20
"Hot Stuff"

Conor
    $400 29
a Venus flytrap

Francois
    $400 12
911

Sara
    $400 24
Roman numerals

Francois
    $600 2
a Star of David

Sara
    $600 6
lucid

Francois
    $600 21
do the hustle

Sara
    $600 14
basil

Conor
    $600 15
divorce

Conor
    $600 25
a frontispiece

Triple Stumper
    $800 3
earrings

Conor
    $2,400 8
(Conor: Yeah.)
(Alex: Yeah?)
(Conor: Nothing.)

lichen

Conor
    $800 22
"I Will Survive"

Francois
    $800 13
a bird-of-paradise

Sara
    $800 16
the FBI

Sara
    $800 26
a bibliography

Francois
    $1000 4
socks

Conor
    $1000 10
lavender

Francois
    $1000 23
the Bee Gees

Francois
    $1000 30
a gladiola

Francois
    $1000 17
Doctors Without Borders

Francois
    $1000 27
(Sara: What is International Serial Book Number?)

International Standard

Sara
Triple Stumper

Scores at the first commercial break (after clue 15):

Conor Francois Sara
$1,600 $1,600 $2,200

Scores at the end of the Jeopardy! Round:

Conor Francois Sara
$2,200 $7,200 $2,800

Double Jeopardy! Round responses

GRITTY
EUROPEAN HISTORY
"NEW" ENTERTAINMENT
PEOPLE ON THE MAP
BIBLE TRANSLATION
ADD A VOWEL
    $400 16
sandpaper

Sara
    $400 11
the Great London Fire

Conor
    $400 6
New Girl

Conor
    $400 1
Egypt

Francois
    $400 26
kill

Conor
    $400 21
a pond and a pound

Conor
    $800 17
the eye

Francois
    $800 12
the Inquisition

Conor
    $800 7
Cam Newton

Sara
    $800 2
Saddam Hussein

Conor
    $800 27
(Francois: What is Italian?)

Latin

ConorFrancois
    $800 22
grin and grain

Francois
    $1200 18
mother-of-pearl

Francois
    $1200 13
the Bourbons

Francois
    $1200 8
(Alex: Yes, for Star Wars.)

A New Hope

Francois
    $1200 3
Greece

Conor
    $1200 28
Esau

Francois
    $1200 23
lunch and launch

Sara
    $1600 19
a pear

Francois
    $2,000 14
(Alex: For the fasces, yes.)

Fascism

Francois
    $1600 9
New Amsterdam

Conor
    $2,000 4
(Conor: I don't know.)

Isak Dinesen, or Karen Blixen

Conor
    $1600 29
soul

Conor
    $1600 24
suit and suite

Sara
    $2000 20
Tom Waits

Triple Stumper
    $2000 15
(Conor: Who are the Huns?)
(Francois: Who are the Visigoths?)

Ostrogoths

ConorFrancois
Triple Stumper
    $2000 10
New Jack City

Sara
    $2000 5
(Conor: What is La Paz?)
(Sara: Uh... no.)
...
(Alex: Who is Antonio José de [*]?)

Sucre

ConorSara
Triple Stumper
    $2000 30
a fatted calf

Francois
    $2000 25
(Alex: One category left with a minute to go.)

weld and wield

Francois

Scores at the end of the Double Jeopardy! Round:

Conor Francois Sara
$4,600 $18,800 $6,800

Final Jeopardy! Round responses

20th CENTURY BESTSELLING AUTHORS
(Alex: [To Conor] The author of Roots.)
ConorWho is Haley??
$1,000
SaraWho is ?
$2,000
FrancoisWho is Alex Haley?
$1,600
Alex Haley

Final scores:

Conor Francois Sara
$5,600 $20,400 $4,800

Game dynamics:

Coryat scores:

Conor Francois Sara
$9,000 $18,400 $6,800
20 R,
4 W
(including 2 DDs)
21 R
(including 1 DD),
2 W
12 R,
2 W

Combined Coryat: $34,200

[game clues] [game scores] [suggest correction]

Game tape date: 2019-04-02
The J! Archive is created by fans, for fans. Scraping, republication, monetization, and malicious use prohibited; this site may use cookies and collect identifying information. See terms. The Jeopardy! game show and all elements thereof, including but not limited to copyright and trademark thereto, are the property of Jeopardy Productions, Inc. and are protected under law. This website is not affiliated with, sponsored by, or operated by Jeopardy Productions, Inc. Join the discussion at JBoard.tv.